Disney Lyrics Quiz 3 - Statistics

General Stats
  • This quiz has been taken 184 times
  • The average score is 157 of 396
Answer Stats
Answer % Correct
a
88%
A
88%
The
85%
the
85%
You
78%
you
78%
'n'
76%
be
74%
is
64%
we
64%
We
64%
when
63%
When
63%
who
63%
me
62%
me)
62%
he
61%
and
60%
And
60%
do
58%
it
58%
to
58%
on
57%
In
55%
in
55%
where
55%
they
51%
They
51%
What
51%
what
51%
no,
49%
no
49%
hear
45%
can
44%
there
44%
of
42%
she
40%
that
40%
it's
39%
It's
39%
(it's
39%
world
38%
all
36%
day
36%
for
36%
sea
36%
sea)
36%
Under
36%
under
36%
(under
36%
up
36%
Up
36%
why
36%
at
34%
beat
34%
Down
32%
how
32%
know
32%
Know
32%
sun
32%
from
31%
better
30%
But
30%
get
30%
look
30%
One
30%
As
29%
dream
29%
Take
29%
time
29%
here
28%
Life
27%
life
27%
always
26%
fish
26%
going
26%
Just
26%
Oh,
26%
oh
26%
Out
26%
out
26%
us
26%
wetter
26%
their
25%
land
24%
Right
24%
about
23%
greener
23%
happy
23%
more
23%
big
22%
gon'
22%
got
22%
got?
22%
Fry
21%
ocean
21%
work
21%
around
20%
away
20%
mistake
20%
play
20%
seaweed
20%
'cause
19%
else's
19%
lake
19%
plate?
19%
shore
19%
somebody
19%
things
19%
Darling
18%
looking
18%
ain't
17%
boss
17%
floor
17%
Guess
17%
hungry
17%
off
17%
slave
17%
wonderful
16%
bowl
15%
luck
15%
lucky
15%
sad
15%
Such
15%
worser
15%
fate
14%
water
14%
bass
13%
eat
13%
floatin'
13%
music
13%
sand
13%
waves
12%
bubbles
11%
cook
11%
flute
11%
hook
11%
lot
11%
roll
11%
sweet
11%
through
11%
While
11%
(yeah)
11%
Yeah,
11%
Even
10%
Nobody
10%
troubles
10%
band
9%
folks
9%
fricassee
9%
Full
9%
hot
9%
little
9%
loves
9%
Naturally
9%
(naturally)
9%
ray
9%
soul
9%
start
9%
devotin'
8%
blow
7%
blowfish
7%
carp
7%
crustacean
7%
harp
7%
Since
7%
spirit
7%
duke
6%
sings
6%
That's
6%
Begin
5%
brass
5%
clam
5%
jam
5%
newt
5%
sharp
5%
snail
5%
soundin'
5%
sturgeon
5%
urge
5%
blackfish
4%
Cuttin'
4%
hotter
4%
plaice
4%
rug
4%
strings
4%
wail
4%
Each
3%
lings
3%
muck
3%
sardine
3%
slug
3%
sprat
3%
beguine
2%
chub
2%
fluke
2%
rockin'
2%
trout
2%
tub
2%
smelt
1%
Ya
1%
No matching quizzes found
Score Distribution
Percent of People with Each Score
Percentile by Number Answered
Your Score History
You have not taken this quiz